| 000 | 01712nam a22003735i 4500 | ||
|---|---|---|---|
| 999 |
_c29028 _d28999 |
||
| 003 | EG-ScBUE | ||
| 005 | 20201117114228.0 | ||
| 008 | 200219s2018 cc f 000 0 chi d | ||
| 020 | _a9787561911907 | ||
| 040 |
_aEG-ScBUE _beng _erda _cEG-ScBUE _dEG-ScBUE |
||
| 041 | 0 |
_achi _aeng |
|
| 082 | 0 | 4 |
_a808.04951 _bHAN _222 |
| 245 | 0 | 0 |
_a汉语写作教程 / _c赵建华, 祝秉耀编著. = Han yu xie zuo jiao cheng = Hanyu xiezuo jiaocheng / zhào jiàn huá, zhù bǐng yào biān zhù. = Chinese writing course / edited by Zhao Jianhua, Zhu Bingyao. |
| 246 | 3 | 1 | _aHan yu xie zuo jiao cheng |
| 246 | 3 | 1 | _aHanyu xiezuo jiaocheng |
| 246 | 3 | 1 | _aChinese writing course |
| 250 |
_a第15版 = _bDi 15 ban = Fifteenth edition. |
||
| 264 | 1 |
_aBeijing : _bBeijing Language and Culture University Press, _c2018. |
|
| 264 | 1 |
_a北京 : _b北京语言大学出版社 = Beijing yu yan da xue chu ban she, _c2018. |
|
| 300 |
_a291 pages ; _c24 cm. |
||
| 336 |
_atext _btxt _2rdacontent |
||
| 337 |
_aunmediated _bn _2rdamedia |
||
| 338 |
_avolume _bnc _2rdacarrier |
||
| 490 | 0 |
_a对外汉语本科系列教材. _a 语言技能类 (二年级) = _aDui wai Han yu ben ke xi lie jiao cai. _aYu yan ji neng lei (er nian ji) = _aSeries of textbooks for undergraduate Chinese as a foreign language. _aLanguage skills (second grade) |
|
| 521 | _aFor grade 2. | ||
| 546 | _aNew words in Chinese and English. | ||
| 650 | 7 |
_aChinese language _xComposition and exercises. _2BUEsh |
|
| 650 | 7 |
_aChinese language _xStyle. _2BUEsh |
|
| 650 | 7 |
_aChinese language _vTextbooks for foreign speakers. _2BUEsh |
|
| 653 |
_bHHUUCCHH _cNovember2020 |
||
| 700 | 1 |
_aJianhua, Zhao, _eeditor. |
|
| 700 | 1 |
_aBingyao, Zhu, _eeditor. |
|
| 942 |
_2ddc _cBB |
||